LEADER 01018nam a2200241 i 4500 001 000000156461 003 CaOOAMICUS 005 20160926000000.0 008 160926s2016 it u000 u spa u 013 $a133816 020 $a978-987-1984-57-2 040 $aSeMil$bita 100 1 $aMorales, Edgardo Martin <1959- >.$0(OLS)http://semarc/name/32233 245 13$aEl esplendor del EspÍritu Santo :$bdesde ed Paradigma de la plenitud /$cEdgardo Morales. 260 $aBuenos Aires :$bSb,$c2016. 300 $a220 p. ;$c23 cm. 650 4$aSpirito Santo - Teologia.$0(OLS)http://semarc/subject/1154 850 $aSeMil 852 $aSeMil$W1$xVenegono$y1$m2D VI 23$j108230$B108230$CSeMilBibl$Z2$F117806 $81 961 $aOmaggio: Delpini mons. Mario 996 $6020$a978-987-1984-57-2$9(OLS)http://semarc/number/146620 996 $6245$aEl esplendor del EspÍritu Santo :$bdesde ed Paradigma de la plenitud$9(OLS)http://semarc/title/229334 996 $6260$aBuenos Aires :$bSb$9(OLS)http://semarc/publisher/48313 LEADER 00942nam a2200241 i 4500 001 000000192236 003 CaOOAMICUS 005 20100914000000.0 008 100914s1977 it u000 u ita u 013 $a170809 040 $aSeMil$bita 245 12$aI movimenti femministi in Italia /$cA cura di Rosalba Spagnoletti. 260 $aRoma :$bSavelli,$cstampa 1977. 300 $a176 p. ;$c19 cm. 490 0 $aCultura politica ;$v136 650 4$aFemminismo - Italia - Sec. 20.$0(OLS)http://semarc/subject/33449 700 1 $aSpagnoletti, Rosalba.$0(OLS)http://semarc/name/70093 830 0$aCultura politica ;$v136.$0(OLS)http://semarc/title/18270 850 $aSeMil 852 $aSeMil$W1$xVenegono$y1$m3N I 658$j142812$B142812$CSeMilBibl$Z2$F154649 $81 961 $aOmaggio: Altro 996 $6245$aI movimenti femministi in Italia$9(OLS)http://semarc/title/277022 996 $6260$aRoma :$bSavelli$9(OLS)http://semarc/publisher/32144 LEADER 00826nam a2200193 i 4500 001 000000208889 003 CaOOAMICUS 005 20250122124810.0 008 111130n fr u000 u fre u 013 $a187677 026 $ae.et tes, etus pech (3) 1799 (F) 040 $aSeMil$bita 245 10$aTome 1. 300 $alvj, 335, [1] p. 773 0 $aStaël-Holstein, Anne Louise Germaine $tDe la littérature considérée dans ses rapports avec les institutions sociales; par Madame de Staël-Holstein. Tome premier [-second].$dA Paris : De l'Imprimerie Crapelet : chez Maradan, [An] 8. [i.e. 1799-1800]$g1$w()25925 850 $aSeMil 852 $aSeMil$W1$xVenegono$y1$m1V V 35 FA$j159343$B159343$CSeMilBibl$Z2$F170433 $8I 996 $6245$aTome 1$9(OLS)http://semarc/title/1447